Pozičný web – získavanie informácií z internetu na základe lokalizácie polohy
Na minha lista:
| Autor principal: | |
|---|---|
| Outros Autores: | |
| Formato: | Manuscrito Livro |
| Idioma: | eslovaco |
| Publicado em: |
Bratislava :
STU v Bratislave FEI,
2022
|
| Assuntos: | |
| Acesso em linha: | https://opac.crzp.sk/?fn=detailBiblioFormChildM6CB7&sid=85CE14C1EED0152B7730DD9735B2&seo=CRZP-detail-kniha |
| Tags: |
Sem tags, seja o primeiro a adicionar uma tag!
|
MARC
| LEADER | 00000ntm a22000003a 4500 | ||
|---|---|---|---|
| 001 | stuzp87894 | ||
| 003 | SK-STU | ||
| 005 | 20230330094519.9 | ||
| 007 | ta | ||
| 008 | 150427s2015----xo-----f-mn---000-0-slo-d | ||
| 040 | |a STU |b slo | ||
| 041 | 0 | |a slo | |
| 044 | |a xo | ||
| 100 | 1 | |a Mojžiš, Samuel |u 037000 |4 aut |U FEI Fakulta elektrotechniky a informatiky |T FEI Ústav multimediálnych informačných a komunikačných technológií |X 104542 |U E070 |Y 818 |7 104542 | |
| 242 | 0 | 1 | |a Position Based Web - Information Retrieval from Internet Based on Localization |y eng |
| 245 | 1 | 0 | |a Pozičný web – získavanie informácií z internetu na základe lokalizácie polohy |
| 260 | |a Bratislava : |b STU v Bratislave FEI, |c 2022 | ||
| 300 | |a 52 s., príl. | ||
| 650 | 4 | |a interiérová lokalizácia |2 slo | |
| 650 | 4 | |a exteriérová lokalizácia |2 slo | |
| 650 | 4 | |a BLE |2 slo | |
| 650 | 4 | |a GPS |2 slo | |
| 650 | 4 | |a vyhľadávač |2 slo | |
| 650 | 4 | |a outdoor localization |2 eng | |
| 650 | 4 | |a indoor localization |2 eng | |
| 650 | 4 | |a BLE |2 eng | |
| 650 | 4 | |a GPS |2 eng | |
| 650 | 4 | |a search engine |2 eng | |
| 700 | 1 | |a Rozinaj, Gregor |u 037000 |k Z1 |4 ths |U FEI Fakulta elektrotechniky a informatiky |T FEI Ústav multimediálnych informačných a komunikačných technológií |X 1945 |U E070 |Y 818 |7 A000001945 | |
| 856 | 4 | |u https://opac.crzp.sk/?fn=detailBiblioFormChildM6CB7&sid=85CE14C1EED0152B7730DD9735B2&seo=CRZP-detail-kniha | |